[Event "CRO-chT U18 Girls"]
[Site "Cakovec"]
[Date "2019.12.29"]
[Round "4.2"]
[White "Pavelic, Amarie"]
[Black "Savic, Anja"]
[Result "0-1"]
[WhiteElo "1600"]
[BlackElo "1783"]
[PlyCount "90"]
[EventDate "2019.12.27"]
[EventType "team-tourn"]
[EventRounds "5"]
[EventCountry "CRO"]
[SourceTitle "CBM 194 Extra"]
[Source "ChessBase"]
[SourceDate "2020.03.31"]
[SourceVersion "1"]
[SourceVersionDate "2020.03.31"]
[SourceQuality "1"]

1. d4 d5 2. c4 c6 3. Nc3 Nf6 4. Nf3 Nbd7 5. Bg5 Nb6 6. b3 e6 7. e3 h6 8. Bh4 Be7 9. Bd3 Qc7 10. c5 Nbd7 11. 0-0 b6 12. Rc1 bxc5 13. dxc5 Bxc5 14. Bxf6 Nxf6 15. e4 Qe7 16. Na4 dxe4 17. Rxc5 exd3 18. Qxd3 Qd7 19. Rd1 0-0 20. Ne5 Qxd3 21. Rxd3 Bb7 22. Nxc6 Bxc6 23. Rxc6 Rfd8 24. Nc5 Rxd3 25. Nxd3 Rd8 26. Rc3 Ne4 27. Rc1 Rxd3 28. Rc8+ Kh7 29. Kf1 Rd2 30. f3 Ng5 31. Rc4 e5 32. Rc7 Rxa2 33. b4 Rb2 34. Rb7 a5 35. b5 a4 36. Ra7 Rxb5 37. Rxa4 Ne6 38. g3 g5 39. Ra7 Kg6 40. g4 Nf4 41. Ra6+ Kg7 42. Kf2 Ne6 43. Ke3 Rb3+ 44. Ke4 Nc5+ 45. Kxe5 Nxa6 0-1

[Event "CRO-ch U11 Girls"]
[Site "Trogir"]
[Date "2019.06.21"]
[Round "8"]
[White "Smetisko, Ana"]
[Black "Savic, Anja"]
[Result "0-1"]
[WhiteElo "1600"]
[BlackElo "1889"]
[PlyCount "60"]
[EventDate "2019.06.17"]
[EventType "swiss"]
[EventRounds "9"]
[EventCountry "CRO"]
[SourceTitle "EXT 2020"]
[Source "ChessBase"]
[SourceDate "2019.10.17"]
[SourceVersion "1"]
[SourceVersionDate "2019.10.17"]
[SourceQuality "1"]

1. Nf3 Nc6 2. g3 e5 3. e4 Nf6 4. d3 Bc5 5. Bg2 d6 6. h3 Be6 7. 0-0 Qe7 8. Nc3 0-0-0 9. Na4 h6 10. Nxc5 dxc5 11. Be3 Rhg8 12. Qd2 Nxe4 13. Qe2 Nf6 14. Rab1 g5 15. Bd2 Qd6 16. Bc3 Nd4 17. Bxd4 exd4 18. a3 Rde8 19. b4 Ba2 20. Qd2 Bxb1 21. Rxb1 Qb6 22. c3 dxc3 23. Qxc3 a5 24. Qc4 Re7 25. h4 Rge8 26. hxg5 hxg5 27. Bh3+ Kb8 28. Rc1 axb4 29. axb4 Qxb4 30. Qxb4 cxb4 0-1